Bags - Clairo (Lyrics) - Statistics

General Stats
  • This quiz has been taken 101 times
  • The average score is 222 of 296
Answer Stats
Answer % Correct
i
99%
you
99%
the
97%
to
96%
every
94%
out?
94%
out
94%
your
93%
anymore
91%
bags
91%
don't
91%
me
91%
me?
91%
talk
91%
counts
90%
door
90%
second
90%
with
90%
wanna
88%
all
87%
walking
87%
be
85%
can
85%
for
84%
time
82%
want
82%
i'm
81%
see
81%
right
79%
tv
78%
waiting
78%
watch
78%
but
76%
everything
76%
figure
76%
mine
76%
minute
76%
games
75%
hold
75%
back?
74%
just
74%
little
74%
pleasure's
74%
this
74%
worse
74%
could
72%
guess
72%
can't
71%
if
71%
by
69%
on
68%
call
66%
gave
66%
name
66%
read
66%
couch
65%
more
65%
of
65%
using
65%
it
62%
waste
60%
yesterday
60%
my
59%
in
56%
corners
51%
fun
51%
have
51%
cut
50%
doing
49%
should
49%
forward
47%
inside
47%
know
47%
rush
47%
rush?
47%
so
47%
and
46%
are
46%
make
46%
not
46%
you'd
44%
cheeks
43%
fine
41%
flushed
41%
kissing
41%
type
41%
head
40%
run
40%
what's
40%
yeah
40%
bed
38%
having
38%
under
38%
mitchell
37%
that
37%
told
37%
cases
34%
let
34%
myself
34%
savor
34%
we're
34%
keep
32%
pardon
32%
emotions
31%
wine
31%
open
29%
spill
29%
glass
28%
pour
28%
probably
28%
tell
24%
how
21%
mouth
19%
melting
16%
felt
15%
sugar-coated
13%
No matching quizzes found
Score Distribution
Percent of People with Each Score
Percentile by Number Answered
Your Score History
You have not taken this quiz